Score 0/11 Timer 01:30
0 Plays Today
HINT 3-Letter Word % Correct
Not inOUT
98.1%
SliceCUT
91.8%
⌘ Ram's mate ⌘⌘ EWE ⌘
81.1%
⌘ Snooker stick ⌘⌘ CUE ⌘
76.9%
Mine outputORE
76%
Carry a balanceOWE
75%
⌘ Peeper, slangily ⌘⌘ EYE ⌘
74.1%
Confederate GeneralLEE
73.4%
Table scrapORT
71.5%
Soap ingredientLYE
70.7%
⌘ Zuider ___ (Dutch bay) ⌘⌘ ZEE ⌘
36.9%

Today's Daily Dose

Remove Ads.
Support Sporcle.
Get the best of Sporcle when you Go Orange. This ad-free experience offers more features, more stats, and more fun while also helping to support Sporcle. Thank you for becoming a member.

You're not logged in!

Compare scores with friends on all Sporcle quizzes.
OR
Log In

Show Comments

Extras

Top Quizzes Today


Score Distribution

Your Account Isn't Verified!

In order to create a playlist on Sporcle, you need to verify the email address you used during registration. Go to your Sporcle Settings to finish the process.

Report this User

Report this user for behavior that violates our Community Guidelines.

Details: